000 00577cam a22002171 4500
001 sa 67003092
003 DLC
005 20260227112335.0
008 760923s1966 xx 000 0 eng
010 _asa 67003092
035 _a(OCoLC)2459357
040 _aDLC
_cRUn
_dDLC
042 _apremarc
050 0 0 _aHD2073 1966
_b.J3
082 _a338.1/0954
100 1 _aJain, Sharad Chandra.
245 1 0 _aEconomic institutions of rural uplift.
260 _aBombay,
_bPopular Prakashan
_c[1966]
300 _avi, 244 p.
_c22 cm.
650 0 _aAgriculture and state
_zIndia.
999 _c73619
_d73619